| 000 | 02005nam a22002537a 4500 | ||
|---|---|---|---|
| 003 | Uzh_bibl | ||
| 008 | 260427b |||||||| |||| 00| 0 ukr d | ||
| 020 | _c1.20 | ||
| 040 | _aукр. | ||
| 041 |
_2ukr _aukr |
||
| 080 | _a821(477) | ||
| 090 |
_a821(477) _bР 59 |
||
| 100 | _aНечай, Михайло | ||
| 245 |
_aТривожні наші дні _cПіслям. В. Плюща _hТекст |
||
| 260 |
_aКиїв _bРадянський письменник _c1987 |
||
| 300 |
_a295 с. _fВ опр. |
||
| 520 | _aРоман Михайла Нечая “Тривожні наші дні” відображає складні процеси в житті суспільства та людини в умовах змін і моральних випробувань. У центрі твору — герої, які стикаються з проблемами вибору, відповідальності та внутрішніх сумнівів. Автор розкриває психологію персонажів, показує їхні переживання, прагнення знайти правду й своє місце в житті. Твір підкреслює напруженість епохи та важливість збереження людяності й моральних цінностей. | ||
| 521 | _aДля широкого кола читачів | ||
| 546 | _aукр. | ||
| 650 |
_aЛітературно-художнє видання _yДруга половина ХХ століття (радянський період, близький до сучасності автора) _zПодії розгортаються в Україні, у міському та частково сільському середовищі |
||
| 653 |
_aСуспільство _aТривога _aВибір _aВідповідальність _aЛюдина |
||
| 655 |
_aРоман (соціально-психологічний) _vРоман |
||
| 942 |
_2udc _cBK |
||
| 999 |
_c17535 _d17535 |
||